00533nam a2200181Ia 450000500170000000800410001704000190005804100120007708200160008910000170010524500580012226000240018030000120020485000100021694200070022699900160023395201020024920230324110412.0131103s9999 xx 000 0 und d aLoreto College aEnglish a822.91bOSB aOsborne,John aTime present and the hotel in AmsterdamcJohn Osborne aLondonbFaberc1968 a143 p.  aLCLIB cBK c4358d54837 00102ddc4070aMAINbMAINd2013-11-04l0o822.91 OSB 25180pB4225r2013-11-04w2013-11-04yBKf